[Event "Olympiad Women 2024"]
[Site "Budapest HUN"]
[Date "2024.09.13"]
[Round "3.8"]
[Board "4"]
[White "Lee, Alice"]
[Black "Golubeva, Oksana"]
[Result "1-0"]
[WhiteElo "2384"]
[BlackElo "2119"]
[PlyCount "99"]
[EventDate "2024.09.11"]
[WhiteTeam "United States of America"]
[BlackTeam "Canada"]
[BlackTeamCountry "CAN"]

1. d4 d5 2. c4 e6 3. Nf3 Nf6 4. g3 c5 5. cxd5 cxd4 6. dxe6 Bxe6 7. Bg2 ({RR} 7. Qxd4 Nc6 8. Qxd8+ Rxd8 9. Bg2 Bb4+ 10. Bd2 Ne4 11. a3 Be7 12. Nc3 Nxd2 13. Nxd2 O-O 14. O-O-O Ne5 15. Bxb7 Rb8 16. Be4 Rfc8 17. Kc2 f5 18. Bf3 Bf6 19. Rc1 Kf8 20. Rhe1 a5 21. h3 a4 {0-1 Giri,A (2734)-Aronian,L (2803) Beijing Sportaccord Basque rapid 2013 (1.1)}) 7... Nc6 8. O-O Qb6 ({RR} 8... Bc5 9. Bg5 O-O 10. Nbd2 Be7 11. Nb3 h6 12. Bf4 Qb6 13. Nbxd4 Rfd8 14. Nxc6 Rxd1 15. Nxe7+ Kf8 16. Raxd1 Kxe7 17. Bd6+ Ke8 18. Ne5 Rd8 19. Ba3 Rxd1 20. Rxd1 Bxa2 21. Nd3 Bd5 22. Bxd5 Nxd5 23. Nc5 {0-1 Novozhilov,S (2272)-Vakhlamov,I (2413) Titled Tue 19th Mar Early 2024 (2)}) 9. b3 $146 ({RR} 9. Qa4 Qb4 10. Qxb4 Bxb4 11. a3 Bc5 12. b4 Bb6 13. Bb2 a6 14. Nbd2 O-O 15. Rac1 Rfe8 16. Rfe1 Ba7 17. Nc4 Re7 18. Bf1 Ne4 19. Red1 Rd8 20. Ncd2 Bd5 21. Nxe4 Bxe4 22. Nxd4 Bxd4 23. Bxd4 Red7 {½-½ Havik,V (2074)-Spanton,T (1964) Gibraltar Challenger op-B 2017 (2)}) 9... Bc5 10. Ne1 O-O 11. Nd3 Rfe8 12. Nd2 Bf8 13. Nf4 Bf5 14. Bb2 Rad8 15. Rc1 Qa6 16. a3 Bd6 17. Re1 Bxf4 18. gxf4 Nd5 19. Rc5 Nce7 20. e4 dxe3 21. fxe3 Qg6 22. Kh1 Nf6 23. Bd4 Ng4 24. Qf3 Nc6 25. Qg3 Nf6 26. Bxc6 bxc6 27. Qxg6 hxg6 28. Rec1 Nd5 29. Rxc6 Nxe3 30. Bc3 Ng4 31. Ba5 Rd3 32. Kg1 Re2 33. Nf1 Nxh2 34. R6c3 Nxf1 35. Kxf1 Ree3 36. Rxd3 Rxd3 37. Rc3 Rd4 38. Bc7 Rd2 39. b4 a6 40. Ke1 Ra2 41. Be5 Be6 42. Kd1 Kf8 43. Kc1 f6 44. Bd4 Bd7 45. Rc7 a5 46. Rxd7 Rxa3 47. b5 Rb3 48. b6 a4 49. b7 a3 50. Rd8+ 1-0

[Event "Olympiad Women 2024"]
[Site "Budapest HUN"]
[Date "2024.09.13"]
[Round "3.9"]
[Board "1"]
[White "Wagner, Dinara"]
[Black "Unuk, Laura"]
[Result "1/2-1/2"]
[WhiteElo "2452"]
[BlackElo "2316"]
[PlyCount "61"]
[EventDate "2024.09.11"]
[WhiteTeam "Germany"]
[BlackTeam "Slovenia"]
[WhiteTeamCountry "GER"]
[BlackTeamCountry "SLO"]

1. d4 d5 2. c4 e6 3. Nf3 a6 4. cxd5 exd5 5. Nc3 Nf6 6. Bg5 Be6 7. e3 Nbd7 8. Bd3 h6 9. Bh4 g5 10. Bg3 Nh5 11. O-O Nxg3 12. hxg3 c6 13. e4 dxe4 14. Bxe4 Nf6 15. Re1 $146 ({RR} 15. Bc2 Bg7 16. Bb3 Nd5 17. Ne4 O-O 18. Nc5 Bc8 19. Re1 b6 20. Nd3 Bg4 21. Nde5 Bxe5 22. dxe5 Qd7 23. Bxd5 cxd5 24. Qd4 Bxf3 25. gxf3 Rac8 26. Qxb6 Rc6 27. Qd4 Rc4 28. Qd3 Qe6 29. Rad1 d4 {½-½ Lysyj,I (2589)-Andreikin,D (2729) Titled Tue 8th Aug Late 2023 (4)}) 15... Qa5 16. Ne5 Nxe4 17. Nxe4 O-O-O 18. Qf3 Qc7 19. Rac1 Bd5 20. Qf5+ Kb8 21. a3 Qc8 22. Qf6 Rg8 23. g4 Bg7 24. Qf3 Ka8 25. Qg3 f5 26. gxf5 Qxf5 27. Nc3 Qf4 28. Qxf4 gxf4 29. Nxd5 Rxd5 30. Re4 Rgd8 31. Rc4 1/2-1/2

[Event "Olympiad Women 2024"]
[Site "Budapest HUN"]
[Date "2024.09.13"]
[Round "3.9"]
[Board "2"]
[White "Urh, Zala"]
[Black "Paehtz, Elisabeth"]
[Result "1/2-1/2"]
[WhiteElo "2251"]
[BlackElo "2455"]
[PlyCount "66"]
[EventDate "2024.09.11"]
[WhiteTeam "Slovenia"]
[BlackTeam "Germany"]
[WhiteTeamCountry "SLO"]
[BlackTeamCountry "GER"]

1. d4 Nf6 2. c4 c6 3. Nc3 d5 4. cxd5 cxd5 5. Bf4 Nc6 6. e3 a6 7. Be2 e6 8. Nf3 Be7 9. h3 O-O 10. O-O ({RR} 10. Rc1 Bd7 11. O-O Rc8 12. Bd3 b5 13. a4 b4 14. Nb1 Na5 15. Rxc8 Qxc8 16. Ne5 Nc4 17. Qe2 Bxa4 18. Nxc4 dxc4 19. Bxc4 a5 20. Nd2 Bc6 21. b3 Qb7 22. Nf3 Nd5 23. Ra1 Ra8 24. Ne5 Nxf4 {0-1 Vallejo Pons,F (2711)-Carlsen,M (2840) Wch Blitz Doha 2016 (2)}) 10... Bd7 11. Bd3 ({RR} 11. Rc1 Rc8 12. Na4 Ne4 13. a3 Na7 14. Rxc8 Nxc8 15. Ne5 Be8 16. Nd3 Qa5 17. Nac5 Nxc5 18. dxc5 f6 19. Qc1 e5 20. Bg3 Na7 21. b4 Qa4 22. Bd1 Qb5 23. Qd2 Bf7 24. Nb2 Qc6 25. Bb3 Rd8 {0-1 Lee,A (2379)-Gombocz,F (2366) SixDays Budapest Jan GM B 2024 (6.2)}) 11... b5 12. a4 $146 ({RR} 12. Rc1 Qb6 13. Ne5 Rfd8 14. Bg5 Ra7 15. Bb1 Be8 16. Bxf6 Bxf6 17. Nxc6 Bxc6 18. Qc2 g6 19. Ne4 dxe4 20. Qxc6 Qb8 21. Bxe4 Kg7 22. Rc2 h5 23. f4 h4 24. Rfc1 Be7 25. Qc3 Bf6 26. Qa5 Rd6 {1-0 Barsov,A (2420)-Freeman,M (2218) Kuala Lumpur Seniors op 8th 2017 (4)}) ({RR} 12. Rc1 Na5 13. Ne5 Rc8 14. Qe2 Nc4 15. b3 Nd6 16. f3 Re8 17. g4 b4 18. Nxd7 Nxd7 19. Bxd6 Bxd6 20. Na4 a5 21. Bb5 Rb8 22. f4 Rf8 23. Bxd7 Qxd7 24. Qa6 h5 25. Rc6 Be7 26. Rfc1 hxg4 {0-1 David,A (2424)-Trimitzios,P (2353) Titled Tuesday intern op 1st Oct blitz 2019 (4)}) 12... bxa4 13. Nxa4 Nb4 14. Ne5 Nxd3 15. Nxd3 Ne4 16. f3 Nd6 17. Nac5 Bb5 18. Qd2 Nc4 19. Qf2 Bh4 20. Qe2 Be7 21. Qf2 Na5 22. Rfd1 Ra7 23. Qe1 Nc6 24. Ne5 Nxe5 25. Bxe5 Qb6 26. b4 Re8 27. Qc3 Bc4 28. Ra5 Bf8 29. Rda1 Rd8 30. Qa3 Raa8 31. Qc3 Ra7 32. Qa3 Raa8 33. Qc3 Ra7 1/2-1/2

[Event "Olympiad Women 2024"]
[Site "Budapest HUN"]
[Date "2024.09.13"]
[Round "3.9"]
[Board "3"]
[White "Klek, Hanna Marie"]
[Black "Janzelj, Lara"]
[Result "1-0"]
[WhiteElo "2296"]
[BlackElo "2193"]
[PlyCount "73"]
[EventDate "2024.09.11"]
[WhiteTeam "Germany"]
[BlackTeam "Slovenia"]
[WhiteTeamCountry "GER"]
[BlackTeamCountry "SLO"]

1. e4 e5 2. Nf3 Nc6 3. Bb5 a6 4. Ba4 Nf6 5. O-O Be7 6. d3 b5 7. Bb3 O-O 8. Re1 d6 9. c3 Na5 10. Bc2 c5 11. Nbd2 Qc7 12. Nf1 Re8 13. h3 Nc6 14. Ng3 ({RR} 14. Ne3 Bf8 15. a4 Rb8 16. Nh2 Be6 17. Nhg4 Nxg4 18. hxg4 b4 19. Qe2 bxc3 20. bxc3 Na5 21. g3 Nb3 22. Bxb3 Rxb3 23. c4 Reb8 24. Kg2 Rb1 25. Rxb1 Rxb1 26. Rh1 f6 27. Nd5 Bxd5 28. exd5 g6 {½-½ Topalov,V (2640)-Morovic Fernandez,I (2605) Dos Hermanas 1994 (4)}) 14... Nd8 ({RR} 14... h6 15. Be3 d5 16. d4 cxd4 17. cxd4 dxe4 18. Nxe4 exd4 19. Nxd4 Bb7 20. Rc1 Rad8 21. Qd3 g6 22. Bb3 Kg7 23. Qc3 Rc8 24. Nxc6 Qxc6 25. Qxc6 Bxc6 26. Nc5 a5 27. Bd4 a4 28. Bc2 Bxc5 29. Bxc5 {0-1 Kovanova,B (2342)-Vidit,S (2727) Titled Tuesday intern op 22nd Feb Late blitz 2022 (1)}) 15. d4 $146 ({RR} 15. Nh2 Ne6 16. Nf5 Bf8 17. Qf3 g6 18. Nxd6 Qxd6 19. Qxf6 Bg7 20. Qh4 Nf4 21. Qg3 Nh5 22. Qf3 Bb7 23. Ng4 Nf4 24. Be3 Nxd3 25. Bxd3 Qxd3 26. Bxc5 Qc4 27. Ba3 a5 28. Qe2 Qc6 29. f3 b4 {0-1 Szucs,E (1667)-Ambrus,B (1775) Budapest Art Pub Cup 7th 2015 (4)}) ({RR} 15. a4 Rb8 16. Kh2 Ne6 17. axb5 axb5 18. Nf5 Bf8 19. Kh1 Bb7 20. Qe2 Ra8 21. Bg5 Nxg5 22. Nxg5 d5 23. Ng3 h6 24. Nf3 dxe4 25. dxe4 Bc6 26. b3 Rxa1 27. Rxa1 Rd8 28. Bd3 b4 29. cxb4 cxb4 {1-0 Joeres,S (1961)-Merx,F (1638) GER-chT U16 Neumarkt in der Oberpfalz 2016 (4.1)}) 15... g6 16. d5 Bf8 17. b4 a5 18. Bg5 Bg7 19. a4 cxb4 20. cxb4 axb4 21. Qd2 Bd7 22. axb5 Nb7 23. Be3 Rac8 24. Ra7 Qb8 25. b6 b3 26. Bb1 Nc5 27. Qb4 Red8 28. Nd2 Be8 29. Nc4 Rd7 30. Qa3 Bf8 31. Rc1 Rb7 32. Bxc5 dxc5 33. Qa6 Rd7 34. Rc3 Be7 35. b7 Rcc7 36. Rxb3 Nxd5 37. Ra8 1-0

[Event "Olympiad Women 2024"]
[Site "Budapest HUN"]
[Date "2024.09.13"]
[Round "3.9"]
[Board "4"]
[White "Vidic, Teja"]
[Black "Schulze, Lara"]
[Result "1-0"]
[WhiteElo "2128"]
[BlackElo "2283"]
[PlyCount "81"]
[EventDate "2024.09.11"]
[WhiteTeam "Slovenia"]
[BlackTeam "Germany"]
[WhiteTeamCountry "SLO"]
[BlackTeamCountry "GER"]

1. Nf3 {ChessBase} d5 2. c4 e6 3. b3 d4 4. g3 Nc6 5. Bg2 e5 6. d3 Bb4+ ({RR} 6... Bc5 7. O-O a5 8. Ba3 Be7 9. Bxe7 Qxe7 10. e3 dxe3 11. fxe3 Nf6 12. Nc3 O-O 13. Nd5 Nxd5 14. cxd5 Nb4 15. e4 Bg4 16. a3 Na6 17. Qd2 Nc5 18. Qc3 Bxf3 19. Bxf3 a4 20. b4 Nb3 21. Ra2 {0-1 Cuenca Jimenez,F (2036)-Kozusek,D (2360) 19th South Wales Int 2024 (2.7)}) 7. Nbd2 a5 8. O-O $146 ({RR} 8. a3 Be7 9. O-O Nf6 10. Rb1 Nd7 11. Ne1 O-O 12. Nc2 Nc5 13. Ne4 Nxe4 14. Bxe4 Bh3 15. Re1 Qd7 16. b4 axb4 17. axb4 Bf5 18. Bh1 Nd8 19. e3 c6 20. exd4 exd4 21. Rb3 Bf6 22. h4 Bg4 {½-½ Duda,J (2729)-Anand,V (2764) Paris GCT rapid 2019 (6)}) ({RR} 8. a3 Be7 9. Rb1 Nf6 10. O-O Nd7 11. Ne1 O-O 12. Nc2 Nc5 13. Ne4 Na6 14. Qe1 f5 15. Nd2 Kh8 16. h4 Rb8 17. Nf3 e4 18. Ng5 Nc5 19. Qd1 Bf6 20. Nh3 b5 21. Bg5 Bxg5 22. hxg5 b4 {½-½ McNab,C (2451)-Ivanchuk,V (2752) EU-chT (Men) 15th 2005 (3.1)}) 8... f5 9. Qc2 Nf6 10. Nh4 O-O 11. Ndf3 Ra6 12. Bd2 Bc5 13. a3 Qd6 14. Qb2 Re8 15. Ne1 e4 16. Nc2 Rb6 17. Rab1 Ne5 18. b4 Qd8 19. Qa1 axb4 20. axb4 Ra6 21. Qb2 Bf8 22. Nxd4 exd3 23. exd3 Nxd3 24. Qc3 Nxb4 25. Ndxf5 c5 26. Bg5 h6 27. Rfd1 Qb6 28. Be3 g5 29. Nd6 Bxd6 30. Qxf6 Bf8 31. Qxb6 Rxb6 32. Nf3 Be6 33. Ne5 Bf5 34. Nd7 Rg6 35. Nxf8 Rxf8 36. Bxc5 Bxb1 37. Rxb1 Rc8 38. Bxb4 Rb6 39. Bd5+ Kh7 40. Be4+ Kg8 41. c5 1-0

[Event "Olympiad Women 2024"]
[Site "Budapest HUN"]
[Date "2024.09.13"]
[Round "3.10"]
[Board "1"]
[White "Linares Napoles, Oleiny"]
[Black "Khademalsharieh, Sarasadat"]
[Result "1/2-1/2"]
[WhiteElo "2201"]
[BlackElo "2468"]
[PlyCount "59"]
[EventDate "2024.09.11"]
[WhiteTeam "Cuba"]
[BlackTeam "Spain"]
[WhiteTeamCountry "CUB"]
[BlackTeamCountry "ESP"]

1. Nf3 {RR} d5 2. c4 e6 3. g3 dxc4 4. Bg2 Nd7 5. O-O a6 6. Qc2 Ngf6 7. Qxc4 b5 8. Qc2 Bb7 9. b3 ({RR} 9. d4) 9... c5 10. Bb2 Rc8 11. d3 Be7 12. Nbd2 O-O 13. Rac1 Qb6 ({RR} 13... Nd5 14. a3 N5b6 15. e4 Bf6 16. e5 Be7 17. Rfe1 Bd5 18. Ne4 Nb8 19. Nc3 Ba8 20. Qe2 Nc6 21. Ne4 Na5 22. Nfd2 Bd5 23. Qg4 Bxe4 24. Nxe4 Kh8 25. Nd6 Rb8 26. Rxc5 Nxb3 27. Rc2 Na4 28. Qb4) 14. Qb1 Rfd8 15. Rfd1 ({RR} 15. Rc2 Qa7 16. Rfc1 Nd5 17. e3 N5f6 18. Qa1 Ne8 19. Bc3 a5 20. a4 b4 21. Bb2 f6 22. Nc4 e5 23. Nh4 Bxg2 24. Nxg2 Nd6 25. Nxd6 Bxd6 26. e4 Qa6 27. Ne3 Nf8 28. Rc4 Ne6 29. R1c2 Bf8) 15... h6 16. Qa1 Ne8 ({RR} 16... Bf8 17. a3 Bd5 18. h3 Qb8 19. e4 Bb7 20. Bc3 b4 21. Bb2 Nb6 22. axb4 cxb4 23. Be5 Rxc1 24. Rxc1 Qa7 25. Bxf6 gxf6 26. Qxf6 Rd7 27. Qf4 a5 28. Ne5 Re7 29. Ng4 a4 30. bxa4 Qxa4 31. Nf6+ {1-0 Yeremyan,A (2279)-Ivanov,A (1941) 30th Abu Dhabi Open A 2024 (2.1)}) 17. d4 Bf6 18. h3 $146 ({RR} 18. a3 Bd5 19. b4 c4 20. e4 Bb7 21. Bc3 Nb8 22. Re1 Nc6 23. e5 Be7 24. Qb2 ({RR} 24. Ne4 Nc7 25. Nc5 Nd5) 24... Nc7 25. Ne4 Nd5 26. Rcd1 a5 27. Nc5 Ra8 28. h3 Bf8 29. Nh4 Be7 30. Nf3 ({RR} 30. Bxd5 Rxd5 31. Ng2) 30... axb4 31. axb4 Qc7 ({RR} 31... Ra2 32. Qxa2 Nxc3 33. Qd2 Nxd1 34. Rxd1 Nxb4 35. Qxb4 Bxc5) 32. Rb1 Bxc5 {0-1 Moreau,L (1939)-Ider,B (2394) Rohde op 12th 2012 (4)}) ({RR} 18. dxc5 Nxc5) 18... Qa7 19. g4 Qb8 20. dxc5 Nxc5 21. Be5 Qa8 22. h4 Ne4 23. Nxe4 Rxd1+ 24. Rxd1 Bxe4 25. g5 hxg5 26. hxg5 Be7 27. Bf4 Rd8 28. Rxd8 Qxd8 29. Qd4 Qxd4 30. Nxd4 1/2-1/2

[Event "Olympiad Women 2024"]
[Site "Budapest HUN"]
[Date "2024.09.13"]
[Round "3.10"]
[Board "2"]
[White "Garcia Martin, Marta"]
[Black "Arribas Robaina, Maritza"]
[Result "1/2-1/2"]
[WhiteElo "2318"]
[BlackElo "2143"]
[PlyCount "69"]
[EventDate "2024.09.11"]
[WhiteTeam "Spain"]
[BlackTeam "Cuba"]
[WhiteTeamCountry "ESP"]
[BlackTeamCountry "CUB"]

1. e4 e6 2. d4 d5 3. Nc3 Nf6 4. Bg5 dxe4 5. Nxe4 Nbd7 6. Nf3 h6 7. Nxf6+ Nxf6 8. Bh4 Be7 9. Bd3 c5 10. dxc5 Qa5+ 11. c3 Qxc5 12. Qe2 ({RR} 12. O-O O-O 13. Qe2 Rd8 14. Rfe1 b6 15. Ba6 Nd5 16. Bxe7 Nxe7 17. Rad1 Bxa6 18. Qxa6 Nc6 19. Qe2 Rac8 20. h3 {½-½ Leko,P (2713)-Bareev,E (2707) Amber-blindfold 11th rapid 2002 (6)}) 12... a6 ({RR} 12... Bd6 13. Bb5+ Bd7 14. Bxd7+ Nxd7 15. O-O-O Bf4+ 16. Kb1 g5 17. Bg3 O-O-O 18. Rd4 Qf5+ 19. Ka1 e5 20. Rd5 Qe6 21. Rhd1 Nb6 22. Rxd8+ Rxd8 23. Rxd8+ Kxd8 24. Qe4 g4 25. Nxe5 Bxg3 26. hxg3 Nd7 27. f4 {½-½ Schlegel,I (2196)-Hryzlova,S (2251) Swiss Young Masters 2024 (1.1)}) 13. O-O-O Bd7 14. Kb1 $146 ({RR} 14. Ne5 Bb5 15. f4 O-O 16. Bxf6 Bxf6 17. Bxb5 axb5 18. Nd7 Qf5 19. Nxf8 Qxf4+ 20. Kb1 Kxf8 21. Qxb5 Qe4+ 22. Rd3 Qxg2 23. Rhd1 e5 24. Qb4+ Be7 25. Rd8+ {1-0 Canteli Martinez,D-Garcia Gonzalez,F Asturias Primera op-A 1998 (9)}) 14... Bc6 15. Ne5 Nd7 16. Bg3 Nxe5 17. Bxe5 Bf6 18. Bxf6 gxf6 19. Be4 Ke7 20. f4 Rad8 21. Qf3 Rxd1+ 22. Rxd1 Rc8 23. Bxc6 Qxc6 24. Qd3 f5 25. Kc1 Qc7 26. Qg3 Kf8 27. Qh4 Kg7 28. Rd3 Qc4 29. Kc2 Qxa2 30. Rg3+ Kh7 31. Rh3 Qa4+ 32. Kd2 Kg8 33. Rg3+ Kh7 34. Rh3 Kg8 35. Rg3+ 1/2-1/2

[Event "Olympiad Women 2024"]
[Site "Budapest HUN"]
[Date "2024.09.13"]
[Round "3.10"]
[Board "3"]
[White "Miranda Llanes, Yerisbel"]
[Black "Vega Gutierrez, Sabrina"]
[Result "0-1"]
[WhiteElo "2294"]
[BlackElo "2374"]
[PlyCount "110"]
[EventDate "2024.09.11"]
[WhiteTeam "Cuba"]
[BlackTeam "Spain"]
[WhiteTeamCountry "CUB"]
[BlackTeamCountry "ESP"]

1. d4 d5 2. c4 e6 3. Nc3 Nf6 4. cxd5 Nxd5 5. e4 Nxc3 6. bxc3 c5 7. Nf3 cxd4 8. cxd4 Bb4+ 9. Bd2 Bxd2+ 10. Qxd2 O-O 11. Bc4 Nd7 12. O-O b6 13. d5 Nc5 14. Rfe1 Bb7 15. Rad1 exd5 16. exd5 Qd6 17. Qd4 Rad8 18. Ne5 a6 19. a3 Rfe8 20. Re3 h6 $146 ({RR} 20... b5 21. Ba2 Re7 22. Rde1 Rde8 23. h4 f6 24. Ng4 Rxe3 25. Rxe3 Rxe3 26. Nxe3 g6 27. h5 Kf7 28. hxg6+ hxg6 29. Qh4 Kg7 30. Qg4 Kf7 31. Bb1 f5 32. Qh4 Kg8 33. Qg5 Ne4 34. Bxe4 fxe4 35. Nf5 {1-0 Ivic,V (2623)-Baches Garcia,G (2326) Titled Tuesday intern op 31st May Late blitz 2022 (1)}) ({RR} 20... f6 21. Nc6 Rxe3 22. Qxe3 Ra8 23. Ne7+ Kf8 24. Nf5 Qe5 25. Qh3 b5 26. f4 Qxf4 27. Qxh7 Qe5 28. Qxg7+ Ke8 29. d6 bxc4 30. d7+ Kd8 31. Qf8+ Kc7 32. d8=Q+ Rxd8 33. Qxd8+ Kc6 34. Nd4+ {1-0 Chitlange,S (2239)-Padmini,R (2389) TCh-IND Women 2023 (5.1)}) 21. h4 Re7 22. Ba2 b5 23. Ng4 Rxe3 24. Nxe3 Bc8 25. Rc1 Ne6 26. Qb2 Nf8 27. Rc6 Qf4 28. g3 Qf3 29. Qe5 Bd7 30. Rc7 Re8 31. Qf4 Qxf4 32. gxf4 Re4 33. Ra7 Ra4 34. Nc2 Rxf4 35. Rxa6 Rg4+ 36. Kf1 Rxh4 37. Nb4 g6 38. Ke2 h5 39. Bb1 Bg4+ 40. Kd2 Rh2 41. Be4 Rxf2+ 42. Ke3 Re2+ 43. Kd4 h4 44. a4 bxa4 45. Rxa4 f5 46. Bd3 Re1 47. Nc2 h3 48. Bc4 h2 49. Nxe1 h1=Q 50. d6+ Kg7 51. Nd3 Qe4+ 52. Kc3 Qe3 53. Rb4 Bf3 54. Rb5 Nd7 55. Rb1 Be4 0-1

[Event "Olympiad Women 2024"]
[Site "Budapest HUN"]
[Date "2024.09.13"]
[Round "3.10"]
[Board "4"]
[White "Matnadze Bujiashvili, Ann"]
[Black "Forgas Moreno, Yaniela"]
[Result "1-0"]
[WhiteElo "2338"]
[BlackElo "2203"]
[PlyCount "97"]
[EventDate "2024.09.11"]
[WhiteTeam "Spain"]
[BlackTeam "Cuba"]
[WhiteTeamCountry "ESP"]
[BlackTeamCountry "CUB"]

1. Nf3 Nf6 2. c4 g6 3. b3 Bg7 4. Bb2 d6 5. g3 O-O 6. d4 Nbd7 7. Bg2 e5 8. Nc3 Re8 9. e3 c6 10. O-O Qc7 11. Rc1 Nf8 ({RR} 11... h6 12. d5 c5 13. Nb5 Qb8 14. a4 a6 15. Nc3 a5 16. h3 Nh7 17. Nh4 Ndf8 18. e4 Bf6 19. Qd2 Qc7 20. f4 exf4 21. Nb5 Qe7 22. Bxf6 Nxf6 23. Qxf4 Nh5 24. Qxd6 Qg5 25. Rc3 Be6 26. dxe6 {1-0 Ng Mora,J (1779)-Montoya,M (1918) 17th American Continental 2024 (6.122)}) 12. h3 ({RR} 12. b4 e4 13. Nd2 Bf5 14. d5 h5 15. Qa4 a5 16. b5 c5 17. b6 Qxb6 18. Rb1 Qc7 19. Qc2 Qe7 20. Nb5 N8h7 21. Bc3 Qd7 22. Qb2 Re7 23. h4 b6 24. Rbe1 Rb8 25. f3 exf3 26. Rxf3 Ne8 {1-0 Askarov,M (2516)-Vorobiov,E (2575) RUS Cup Serpukhov 2007 (1.2)}) 12... h5 13. e4 $146 ({RR} 13. Qd2 e4 14. Ne1 N8h7 15. f4 Bf5 16. b4 Qd7 17. Kh2 d5 18. c5 Bh6 19. Nd1 Kh8 20. Nf2 Rg8 21. h4 Ng4+ 22. Nxg4 hxg4 23. Bc3 Nf6 24. Rb1 Nh5 25. Qf2 Qe7 26. Nc2 Rae8 {½-½ Angermueller,O (2110)-Maurer,J (1930) Oberliga Bayern 9899 1998 (7.8)}) ({RR} 13. Re1 e4 14. Nd2 Bf5 15. Kh2 N8h7 16. Rh1 Ng5 17. Kg1 Qd7 18. Qf1 Rac8 19. a4 d5 20. Ba3 Bf8 21. Bxf8 Kxf8 22. c5 Kg7 23. Ne2 Rh8 24. Nf4 h4 25. g4 Nxg4 26. hxg4 Bxg4 27. Rh2 h3 {0-1 Chauca,J (2098)-Saldano Dayer,H (2449) Campinas Rizzoni Memorial 2nd 2009 (4)}) 13... Ne6 14. Nd5 cxd5 15. cxd5 Qd8 16. dxe6 Bxe6 17. dxe5 Nxe4 18. Nd4 d5 19. Nxe6 Rxe6 20. Qe1 Qb6 21. Bxe4 dxe4 22. Qxe4 Rae8 23. Bd4 Qa6 24. f4 Qxa2 25. Qxb7 R6e7 26. Qb5 a6 27. Qc4 Rb7 28. Rf3 Reb8 29. Ra1 Qd2 30. Bf2 Qb2 31. Rxa6 Rxb3 32. Rxb3 Qxb3 33. Qxb3 Rxb3 34. Ra8+ Kh7 35. Kg2 Rb7 36. Re8 Rb5 37. Rc8 g5 38. Kf3 gxf4 39. gxf4 Kg6 40. Ke4 Rb4+ 41. Bd4 Rb1 42. f5+ Kh7 43. Rc7 Kg8 44. Bc3 Rc1 45. f6 Bh6 46. e6 Rc2 47. exf7+ Kh8 48. Kf5 Bf8 49. Rc8 1-0

[Event "Olympiad Women 2024"]
[Site "Budapest HUN"]
[Date "2024.09.13"]
[Round "3.11"]
[Board "1"]
[White "Assaubayeva, Bibisara"]
[Black "Newrkla, Katharina"]
[Result "1/2-1/2"]
[WhiteElo "2482"]
[BlackElo "2208"]
[PlyCount "60"]
[EventDate "2024.09.11"]
[WhiteTeam "Kazakhstan"]
[BlackTeam "Austria"]
[WhiteTeamCountry "KAZ"]
[BlackTeamCountry "AUT"]

1. d4 Nf6 2. c4 e6 3. Nf3 b6 4. g3 Bb7 5. Bg2 Be7 6. O-O O-O 7. Re1 d5 8. cxd5 exd5 9. Nc3 Nbd7 10. b3 ({RR} 10. Qc2 c5 11. Bf4 Rc8 12. Rad1 Re8 13. e3 Ne4 14. Ne5 Nxc3 15. bxc3 cxd4 16. exd4 Bb4 17. Nxf7 Kxf7 18. Qf5+ Nf6 19. cxb4 g6 20. Qh3 h5 21. Bg5 Qd6 22. Bxf6 Kxf6 23. a3 Kg7 24. Qh4 Ba6 {½-½ Materia,M (2433)-Arat,U (2381) Titled Tue 22nd Aug Early 2023 (5)}) 10... Ne4 11. Bb2 Ndf6 ({RR} 11... Bb4 12. Rc1 c5 13. e3 Rc8 14. Re2 Ndf6 15. dxc5 Bxc3 16. Bxc3 Nxc3 17. Rxc3 bxc5 18. Rc1 Qb6 19. Rec2 Rfd8 20. Ne5 Ba6 21. Bf1 Bxf1 22. Qxf1 Rc7 23. Nd3 Rdc8 24. Nf4 g5 25. Ne2 Ne4 26. Nc3 {½-½ Lupulescu,C (2631)-Bologan,V (2630) EU-chT (Men) 20th 2015 (7.1)}) 12. e3 $146 ({RR} 12. Qc2 c5 13. Rac1 Ng4 14. Rf1 cxd4 15. Nxe4 dxe4 16. Nxd4 Rc8 17. Qb1 Rxc1 18. Rxc1 Bc5 19. e3 Qf6 20. Qc2 Qh6 21. Nf5 Qxh2+ 22. Kf1 Ba6+ {0-1 Bocharov,D (2585)-Khanin,S (2450) Cheliabinsk Kurnosov Memorial rapid 2017 (10)}) 12... Bb4 13. Rc1 Re8 14. Re2 Nxc3 15. Bxc3 Bxc3 16. Rxc3 Ne4 17. Rc1 c5 18. dxc5 bxc5 19. Nd2 Ba6 20. Re1 Qa5 21. Nxe4 dxe4 22. Rc2 Rad8 23. Qa1 Bd3 24. Qc3 Qb6 25. Rcc1 Qa6 26. Qxc5 Qxa2 27. Ra1 Qxb3 28. Qxa7 Rc8 29. Qa2 Qxa2 30. Rxa2 h5 1/2-1/2

[Event "Olympiad Women 2024"]
[Site "Budapest HUN"]
[Date "2024.09.13"]
[Round "3.11"]
[Board "2"]
[White "Exler, Veronika"]
[Black "Kamalidenova, Meruert"]
[Result "1/2-1/2"]
[WhiteElo "2176"]
[BlackElo "2352"]
[PlyCount "66"]
[EventDate "2024.09.11"]
[WhiteTeam "Austria"]
[BlackTeam "Kazakhstan"]
[WhiteTeamCountry "AUT"]
[BlackTeamCountry "KAZ"]

1. e4 c5 2. c3 d5 3. exd5 Nf6 4. d4 Nxd5 5. Nf3 cxd4 6. Qxd4 Nc6 7. Bb5 e6 8. O-O Bd7 9. Qe4 Be7 10. c4 $146 ({RR} 10. Rd1 a6 11. Ba4 O-O 12. c4 Nf6 13. Qe2 Qc7 14. Nc3 Rad8 15. Bg5 h6 16. Bh4 Nh5 17. Bxe7 Nxe7 18. Bxd7 b5 19. cxb5 Rxd7 20. Rxd7 Qxd7 21. Ne5 Qb7 22. Qxh5 axb5 23. a3 Nf5 24. Qf3 Qc7 {1-0 Demin,V (2430)-Bazyrtsyrenov,K (2284) Titled Tue 23rd Apr Early 2024 (8)}) 10... Nf6 11. Qe2 Qc7 12. Nc3 O-O 13. h3 Rad8 14. Bg5 Bc8 15. Rfd1 b6 16. Bh4 Bb7 17. Bg3 Qc8 18. Rxd8 Rxd8 19. Rd1 Rxd1+ 20. Nxd1 Qd8 21. Nc3 Bc5 22. a3 h6 23. Qd2 Nd4 24. Nxd4 Qxd4 25. Bf4 a6 26. Qxd4 Bxd4 27. Ba4 Bxc3 28. bxc3 Ne4 29. Bc7 Nxc3 30. Bd7 Kf8 31. Bd6+ Kg8 32. Bc7 Kf8 33. Bd6+ Kg8 1/2-1/2

[Event "Olympiad Women 2024"]
[Site "Budapest HUN"]
[Date "2024.09.13"]
[Round "3.11"]
[Board "3"]
[White "Balabayeva, Xeniya"]
[Black "Schloffer, Jasmin-Denise"]
[Result "1-0"]
[WhiteElo "2335"]
[BlackElo "2168"]
[PlyCount "93"]
[EventDate "2024.09.11"]
[WhiteTeam "Kazakhstan"]
[BlackTeam "Austria"]
[WhiteTeamCountry "KAZ"]
[BlackTeamCountry "AUT"]

1. e4 c6 2. d4 d5 3. exd5 cxd5 4. Bd3 Nc6 5. c3 Qc7 6. Nf3 Bg4 7. O-O e6 8. h3 Bh5 9. Re1 Bd6 10. Nbd2 Nge7 11. Nf1 Bg6 ({RR} 11... O-O 12. Bxh7+ Kh8 13. Bd3 a6 14. Be2 Bxf3 15. Bxf3 b5 16. a3 a5 17. Be2 Rab8 18. Bd3 Kg8 19. Qh5 Rfd8 20. Qh7+ Kf8 21. Qh8+ Ng8 22. Bh7 Nce7 23. Bg5 Rdc8 24. Ne3 f6 25. Bxf6 gxf6 26. Ng4 {½-½ Garabik,M (1888)-Rybacek,M (2018) Ceske Budejovice Open 2024 (8.26)}) 12. Bg5 O-O 13. Bxe7 Nxe7 14. a4 $146 ({RR} 14. Ne5 Bxd3 15. Qxd3 Rab8 16. a4 a6 17. Nd2 b5 18. axb5 axb5 19. b4 Rfc8 20. Ra3 Ra8 21. Rxa8 Rxa8 22. Nb3 Bxe5 23. dxe5 Qc4 24. Qxc4 bxc4 25. Nd4 g5 26. g3 Ra3 27. b5 Nc8 28. Re3 Ra1+ {0-1 Teuschler,B (2136)-Vidic,T (2174) EU-chT (Women) 22nd 2019 (7.4)}) ({RR} 14. Ne5 Rab8 15. Rc1 Rfc8 16. Qf3 Bxe5 17. Rxe5 Bxd3 18. Qxd3 Qc4 19. Qxc4 Rxc4 20. Nd2 Rc7 21. Kf1 Nc6 22. Re3 Nxd4 23. Rd3 Nc6 24. Re1 Na5 25. Rd4 b5 26. f4 g6 27. Re2 Nc4 28. Nxc4 Rxc4 {½-½ Santos,A (2044)-Lima Neto,P (2068) Fortaleza Inelsa op 1st 2011 (4.1)}) 14... Rab8 15. Ne3 a6 16. Bxg6 Nxg6 17. Qd2 Rfc8 18. a5 Ne7 19. Rec1 Nc6 20. b4 Qe7 21. Re1 Qf8 22. Qd3 Qd8 23. Nd2 Na7 24. Nb3 Nb5 25. Nc5 Rc7 26. Rad1 Qg5 27. c4 dxc4 28. Nxc4 Rd8 29. Nxd6 Rxd6 30. Ne4 Qd8 31. Nxd6 Qxd6 32. d5 e5 33. Qf5 f6 34. Qe6+ Qxe6 35. dxe6 Kf8 36. f4 Ke7 37. fxe5 f5 38. Rd7+ Kxe6 39. Rxc7 Nxc7 40. Rc1 Nd5 41. b5 axb5 42. Rc5 b4 43. Rb5 Kxe5 44. Rxb7 Kd6 45. a6 Kc6 46. Rb8 Nb6 47. a7 1-0